01066nam a2200277Ia 450000500170000000800410001702000150005804100080007308200210008110000310010224502010013325000220033426400330035630000180038933600270040733700330043433800280046749000220049565000460051765000500056365000450061365100270065870000260068570000420071104000350075320220316235323.0121119s2002 ck gr 000 0cspa  a95830021350 aspa04aR 920.0861bN67C1 aNoreña, María Isabel, 10aCompendio de biografías colombianas b[literatura, historia, música, artes plásticas, ciencia]cMaría Isabel Noreña Blanco, Fernando Cortés J. ; ilustraciones, Jairo Linares Landínez aPrimera edición 1aBogotábPanamericanac2002 a352 páginas atextobtxt2rdacontent asin mediaciónbn2rdamedia avolumenbnc2rdacarrier0 aTemas colombianos142LEMBaLiteratos colombianosvBiografías142LEMBaHistoriadores colombianosvBiografías142LEMBaPintores colombianosvBiografías 4aColombiavBiografías1 aCortés J., Fernando1 aLinares Landínez, Jairoeilustrador aCO-BoRNBPbspaerdacCO-BoRNBP